Gente del Wyoming /

Guardat en:
Dades bibliogràfiques
Autor principal: Proulx, Annie (Autor)
Altres autors: Dèttore, Mariapaola
Format: Llibre
Idioma:italià
Publicat: Milano : Baldini & Castoldi, \1999!
Col·lecció:Romanzi e racconti ; 154
Etiquetes: Afegir etiqueta
Sense etiquetes, Sigues el primer a etiquetar aquest registre!

MARC

LEADER 00000nam a2200000 i 4500
001 IT\ICCU\LO1\0490040
003 ItRI
005 20260218173339.0
008 990414s1999 it |||||| ||||| |||||c
015 |2 IT  |a 2000-843 
020 |a 8880896067 
040 |b ita  |c Arcigay Genova 
041 7 |a ita  |2 ISO-639-2 
082 |a 813.54  |2 21 
100 1 |a Proulx, Annie  |0 IT\ICCU\REAV\094500  |4 aut 
240 1 0 |a Brokeback mountain.  |9 Proulx, Annie 
245 1 0 |a Gente del Wyoming /  |c E. Annie Proulx ; traduzione di Mariapaola Dèttore. 
260 |a Milano :  |b Baldini & Castoldi,  |c \1999! 
300 |a 52 p. ;  |c 19 cm. 
700 1 |a Dèttore, Mariapaola  |0 IT\ICCU\CFIV\022709 
830 0 |a Romanzi e racconti ;  |v 154  |0 IT\ICCU\RAV\0187056 
942 |2 ddc  |c BK 
952 |0 0  |1 0  |2 ddc  |4 0  |6 813_540000000000000_PRO_GEN  |7 1  |9 2925  |a GE  |b GE  |d 2025-01-16  |l 0  |o 813.54 PRO GEN  |p 1467  |r 2025-01-16 22:04:31  |w 2025-01-16  |x Donazione di Alvaro Bazzano  |y BK  |z Donazione AB 
952 |0 0  |1 0  |2 ddc  |4 0  |6 813_540000000000000_PRO_GEN  |7 0  |9 3709  |a AN  |b AN  |d 2025-03-28  |l 0  |o 813.54 PRO GEN  |p 10968  |r 2025-03-28 16:37:50  |w 2025-03-28  |y BK 
952 |0 0  |1 0  |2 ddc  |4 0  |6 DOC_813_540000000000000_PRO  |7 0  |9 17438  |a BO  |b BO  |d 2026-01-15  |i 18487  |l 0  |o DOC 813.54 PRO  |p BO18487  |r 2026-01-15 23:19:00  |t 2  |w 2026-01-15  |y BK 
952 |0 0  |1 0  |2 ddc  |4 0  |6 DOC_813_540000000000000_PRO  |7 0  |9 17439  |a BO  |b BO  |d 2026-01-15  |i 6713  |l 0  |o DOC 813.54 PRO  |p BO6713  |r 2026-01-15 23:19:00  |t 1  |w 2026-01-15  |y BK 
952 |0 0  |1 0  |2 ddc  |4 0  |6 813_540000000000000_PRO_GEN  |7 0  |9 33068  |a VR  |b VR  |d 2026-02-18  |i 118  |l 0  |o 813.54 PRO GEN  |p OBE-118  |r 2026-02-18 16:46:21  |w 2026-02-18  |y BK 
999 |c 2443  |d 2443